[Event "ITA-chT GpB 54th"]
[Site "Bacoli"]
[Date "2023.04.25"]
[Round "1"]
[White "David, Alberto"]
[Black "Barp, Alberto"]
[Result "1/2-1/2"]
[WhiteElo "2528"]
[BlackElo "2432"]
[PlyCount "149"]
[EventDate "2023.04.25"]
[EventType "team-tourn"]
[EventRounds "7"]
[EventCountry "ITA"]
[SourceTitle "CBM 213 Extra"]
[Source "ChessBase"]
[SourceDate "2023.05.31"]
[SourceVersion "1"]
[SourceVersionDate "2023.05.31"]
[SourceQuality "1"]
[WhiteTeam "Partenopea"]
[BlackTeam "Arrocco"]
[WhiteTeamCountry "ITA"]
[BlackTeamCountry "ITA"]

1. Nf3 d5 2. e3 Nf6 3. c4 e6 4. Nc3 c5 5. cxd5 exd5 6. Bb5+ Nbd7 7. 0-0 a6 8. Ba4 b5 9. Bc2 Bb7 10. b3 Bd6 11. Bb2 0-0 12. a4 b4 13. Ne2 Rc8 14. Bf5 Rc7 15. Ng3 g6 16. Bxd7 Nxd7 17. d3 Re8 18. Rc1 a5 19. Re1 Bf8 20. Rc2 Ba6 21. Ba1 Bg7 22. Bxg7 Kxg7 23. Rd2 h5 24. h3 Qf6 25. Qb1 Nb6 26. Red1 Bc8 27. Nh2 Rc6 28. Ne2 Bf5 29. Ng3 Be6 30. Ne2 c4 31. Nd4 Rcc8 32. Nhf3 cxb3 33. Qa1 Bd7 34. Re1 Nxa4 35. Nxb3 Rc3 36. Nfd4 Nc5 37. Nxa5 Ra8 38. Ra2 Nxd3 39. Rf1 Ne5 40. Rb1 Rac8 41. Ne2 Rc2 42. Nf4 Be6 43. Rxc2 Rxc2 44. Qa4 Qf5 45. Qxb4 Kh7 46. Nb3 Rc4 47. Qe1 Nc6 48. Nd2 Rb4 49. Rxb4 Nxb4 50. Nf3 Nd3 51. Nxd3 Qxd3 52. Qa1 Qf5 53. Qb2 g5 54. h4 gxh4 55. Nxh4 Qg4 56. Qf6 Qg7 57. Qxg7+ Kxg7 58. Nf3 Kf6 59. Kh2 Bg4 60. Nd4 h4 61. f3 Bd7 62. Kg1 Ke5 63. Kf2 f6 64. Ne2 Kd6 65. Nf4 Bf5 66. Ke2 Ke5 67. Nd3+ Bxd3+ 68. Kxd3 f5 69. f4+ Ke6 70. Kc3 Kd7 71. Kd3 Kc6 72. Kc2 Kc5 73. Kc3 Kc6 74. Kd4 Kd6 75. Kd3 1/2-1/2

[Event "Paris Rapid op"]
[Site "Paris"]
[Date "2023.03.04"]
[Round "8"]
[White "Fedorchuk, Sergey A"]
[Black "David, Alberto"]
[Result "1/2-1/2"]
[WhiteElo "2636"]
[BlackElo "2532"]
[PlyCount "162"]
[EventDate "2023.03.04"]
[EventType "swiss (rapid)"]
[EventRounds "9"]
[EventCountry "FRA"]
[SourceTitle "CBM 213 Extra"]
[Source "ChessBase"]
[SourceDate "2023.05.31"]
[SourceVersion "1"]
[SourceVersionDate "2023.05.31"]
[SourceQuality "1"]

1. e4 c6 2. d4 d5 3. f3 e6 4. Nc3 Bb4 5. Bd2 Ne7 6. Qe2 b6 7. Qf2 Ba6 8. Bxa6 Nxa6 9. 0-0-0 0-0 10. Nge2 c5 11. a3 Bxc3 12. Bxc3 Rc8 13. h4 c4 14. h5 Nc6 15. exd5 exd5 16. g4 b5 17. Ng3 b4 18. axb4 Naxb4 19. Nf5 Na2+ 20. Kd2 Re8 21. Qh4 Qxh4 22. Rxh4 Nxc3 23. bxc3 Rb8 24. Ne3 Rb5 25. Rhh1 Kf8 26. Rhe1 a5 27. Rb1 Reb8 28. Ra1 Ne7 29. Ra2 f6 30. Rea1 Ra8 31. Ng2 Kf7 32. Nf4 Ra6 33. Ra4 Nc6 34. Ng2 Ra7 35. Ne3 g6 36. Rh1 Kg7 37. Rh2 Re7 38. Ra1 Nd8 39. Rah1 Nf7 40. hxg6 hxg6 41. f4 a4 42. Rh7+ Kg8 43. g5 f5 44. Nxf5 gxf5 45. g6 Ra5 46. Rg1 Kf8 47. gxf7 Rxf7 48. Rh8+ Ke7 49. Re1+ Kf6 50. Rh6+ Kg7 51. Rhe6 a3 52. Ra1 a2 53. Rb6 Re7 54. Kc1 Re4 55. Kb2 Rxf4 56. Rd6 Rg4 57. Rxa2 Rxa2+ 58. Kxa2 f4 59. Rxd5 Rg6 60. Rf5 Rf6 61. Rg5+ Kh6 62. Rg1 f3 63. Ka3 f2 64. Rf1 Kg5 65. Kb4 Kg4 66. Kxc4 Rf8 67. d5 Kg3 68. Kd4 Kg2 69. Rxf2+ Rxf2 70. c4 Kf3 71. d6 Kf4 72. Kd5 Kf5 73. c5 Rd2+ 74. Kc6 Ke6 75. Kc7 Rd5 76. Kc6 Rd2 77. c4 Rd4 78. Kc7 Rd1 79. Kc8 Rxd6 80. cxd6 Kxd6 81. Kb7 Kc5 1/2-1/2